000 00835nas a2200277 4500
001 BR2015000665
003 BR-BrBNA
005 20231205125001.0
007 ta
008 230509b bl.|||p| |||| 00| 00por d
040 _aBR-BrBNA
_bpor
_cBiblioteca Nacional de Agricultura
041 _a(Pt)
072 _aL72
100 1 _aCardoso, C.P.
100 1 _aCardozo, L.L.
100 1 _aSilva, B.F. da
100 1 _aAmarante, A.F.T. do
245 1 _aMuelleriose em caprinos em uma propriedade no município de Monte Castelo, Santa Catarina
650 _aCAPRINO
650 _aHELMINTO
650 _aRUMINANTE
650 _aVERMINOSE
773 0 _tAgropecuária Catarinense (Brazil)
_xISSN 0103-0779
_g(Nov 2013-fev 2014), v. 26(3) p. 50-53
_wBR2015000665
909 _a202311
_bLúcia
_c55
_dLúcia Elande
942 _2AGRIS
_n0
_cANA
999 _c241978
_d241978